000 01649cas a2200349 a 4500
001 8592
003 BD-RjUL
005 20211208234622.0
008 140119c19979999bg ax s f0 a0eng c
020 _a9845083013
035 _a(OCoLC)ocm04524797
_a(BD-RjUL)8637
040 _aBD-RjUL
_beng
_cBD-RjUL
_dMH
_dMnMULS
_dDLC
_dNST
_dDLC
_dNST
_dDLC
_dNST
_dInU
_dWaU
_dInU
_dMH
_dNLGGC
_dMH
_dUKMGB
_dOCoLC
041 _aeng
082 0 _a315.492
_219
_bSYB
245 0 0 _a Statistical yearbook of Bangladesh-1996 =
_bবাংলাদেশ পরিসংখ্যান বর্ষগ্রন্থ -১৯৯৬
246 3 1 _aবাংলাদেশ পরিসংখ্যান বর্ষগ্রন্থ -১৯৯৬,
_a1996 Statistical yearbook of Bangladesh
250 _a17th ed.
260 _aDhaka :
_bBangladesh Bureau of Statistics, Statistics Division, Ministry of Planning, Govt. of the People's Republic of Bangladesh,
_c1997-
300 _av. ;
_c29 cm.
515 _aVols. for <1997-> called also <18th ed.->
651 0 _aBangladesh
_vStatistics
_vPeriodicals.
_9455
651 0 _aBangladesh
_xEconomic conditions
_vStatistics
_vPeriodicals.
_9456
710 1 _aBangladesh.
_b Bureau of Statistics
_918970
776 0 8 _iOnline version:
_tStatistical yearbook of Bangladesh
_w(OCoLC)682470590
780 0 0 _tStatistical digest of Bangladesh
_w(DLC) 73901005
_w(OCoLC)2324493
942 _2ddc
_cCR
999 _c8592
_d8592